Diary of a Wimpy Kid characters - Statistics

General Stats
  • This quiz has been taken 717 times
    714 since last reset
  • The average score is 10 of 70
Answer Stats
Hint Answer % Correct
Heffley Greg
99%
Heffley Rodrick
92%
Jefferson Rowley
92%
Heffley Manny
87%
Heffley Susan
79%
Heffley Frank
73%
Hills Holly
51%
Hills Heather
37%
Name the Author Jeff
32%
Gupta Chirag
31%
Farrell Patty
29%
Uncle Gary
24%
Heffley Joe
24%
Uncle Joe
24%
Gregs Grandpa Grandpa
16%
Aruda Alex
14%
Gregs great grandmother Gammie
14%
Anderson Bryce
13%
Uncle Charlie
11%
She drives a Ford Gramma
10%
Jury Jordan
8%
Hosey Pete
8%
Walters Bill
7%
Rowleys current BabySitter LeLand
7%
Douglas Scotty
7%
Sandy Albert
6%
Fleer George
6%
1st wife of Uncle Gary Linda
6%
Heath Lenwood
5%
Gregs Very Tough Soccer Coach Litch
5%
Great Uncle Arthur
4%
Great Uncle Bruce
4%
Woodley Darren
4%
Pindle Jeremy
4%
Aunt Loretta
4%
Pants Nasty
4%
Uteger Peter
4%
Gregs baby cousin Benjy
3%
Wells Benny
3%
Lamb Corey
3%
Aunt Dorothy
3%
Great Aunt Reba
3%
Franks second cousin Terrence
3%
Steadman Angie
2%
Assistant Coach of the middle school soccer/football team Red Socks Boone
2%
Warner Cecil
2%
Lee Collin
2%
Mealey Edward
2%
Keith Kenny
2%
Cho Marc
2%
Sampson Michael
2%
Gregs hygienist Salazar Kagan
2%
Kelly Archie
1%
Bickford Erik
1%
Name Franks Brother GreGory
1%
Heffley Helen
1%
Publisher Amulet Books
0%
Franks Cousin Bryon
0%
Revus Daniel
0%
The Grade-Teacher of Gregs School She only appears in Last Straw Donna
0%
The father of snella brothers and mrs snella Ian
0%
Amateur Coach Ira
0%
Other Women Teacher of Greg who also appears in Last Straw Lily
0%
A Minor character who met Greg and Rowley at the end of The Last Straw Liza
0%
Another Amateur Coach Lowry
0%
Gregs Physical Education Teacher Minny
0%
An adult who appears in the last straw at Seth Snella half-birthday party where he acts like a bird infront of him when the adults tried to make him laugh Ray
0%
A Minor Character of Appearing in a Flashback in The Last Straw Retta
0%
Franks boss who also has three children of his own Samis
0%
The Man Teacher of greg who also appeared in the Last Straw Zamir
0%
No matching quizzes found
Score Distribution
Percent of People with Each Score
Percentile by Number Answered
Your Score History
You have not taken this quiz since the last reset